Frans Halsmuseum: Musée municipal de Haarlem

Gespeichert in:
Bibliographische Detailangaben
Format: Buch
Sprache:Französisch
Veröffentlicht: Haarlem Joh. Enschedé 1955
Schlagworte:
Tags: Tag hinzufügen
Keine Tags, Fügen Sie den ersten Tag hinzu!

MARC

LEADER 00000nam a2200000 a 4500
001 UCZ4396
003 CL-VaPUC
008 951109e19550000NE |||||||||||||||||fre|d
082 0 4 |a 708.949  |b FRA  |2 21 
245 1 0 |a Frans Halsmuseum: Musée municipal de Haarlem 
300 |a 27 p 
942 |c BK 
945 |d 19951109 00:00:00  |a rleighto 
260 |a Haarlem  |b Joh. Enschedé  |c 1955 
650 0 |a Pintura holandesa  |9 267860 
650 7 |a PINTORES HOLANDESES  |2 CL-VaPUC  |9 348423 
650 0 |a Obras de arte  |9 337253 
650 7 |a CUADROS  |2 CL-VaPUC  |9 348424 
650 7 |a REPRODUCCIONES  |2 CL-VaPUC  |9 348425 
650 0 |a Artistas   |9 262026 
651 7 |a HAARLEM  |2 CL-VaPUC  |9 348426 
651 0 |a Holanda  |9 267234 
583 |a last modification  |c 19951109 00:00:00  |k Rodrigo Vera 
999 |c 240791  |d 240789